|
|
|
|
| LEADER |
01187nam a2200301 a 4500 |
| 001 |
4637 |
| 003 |
BD-DhAAL |
| 005 |
20150215122319.0 |
| 008 |
150215s1993 enka b 001 0 eng |
| 010 |
|
|
|a 92023172
|
| 020 |
|
|
|a 0521404630 (hardback)
|
| 040 |
|
|
|a DLC
|c DLC
|d DLC
|d BD-DhAAL
|
| 050 |
0 |
0 |
|a HD31
|b .C532 1993
|
| 082 |
0 |
0 |
|a 302.3/5
|2 20
|
| 100 |
1 |
|
|a Ciborra, Claudio.
|9 8443
|
| 245 |
1 |
0 |
|a Teams, markets and systems :
|b business innovation and information technology /
|c Claudio U. Ciborra.
|
| 260 |
|
|
|a Cambridge [England] ;
|a New York, NY, USA :
|b Cambridge University Press,
|c 1993.
|
| 300 |
|
|
|a ix, 250 p. :
|b ill. ;
|c 24 cm.
|
| 504 |
|
|
|a Includes bibliographical references (p. 230-242) and indexes.
|
| 541 |
|
|
|e 4637
|
| 650 |
|
0 |
|a Industrial management.
|9 8444
|
| 650 |
|
0 |
|a Technological innovations
|x Economic aspects.
|9 7792
|
| 650 |
|
0 |
|a Teams in the workplace.
|9 8445
|
| 650 |
|
0 |
|a Information technology.
|9 6409
|
| 650 |
|
0 |
|a Organizational change.
|9 8446
|
| 942 |
|
|
|2 ddc
|c BK
|
| 999 |
|
|
|c 33704
|d 33704
|
| 952 |
|
|
|0 0
|1 0
|2 ddc
|4 0
|6 302_350000000000000_CIB
|7 0
|9 52643
|a SCL
|b SCL
|c GEN
|d 2015-02-15
|e Gift: The British Council
|l 0
|o 302.35 CIB
|p 3020004637
|r 2015-02-15
|t 1
|w 2015-02-15
|y BK
|